Los Orígenes de la Segunda República : anatomía de una transición / Shlomo Ben-Ami ; versión española de Eva Rodríguez Halffter anatomía de una transición / Shlomo Ben-Ami ; versión española de Eva Rodríguez Halffter
Descripción Física:
502 p. ; 20 cm
Colección:
Alianza universidad. Historia ; 620
Otros Autores:
Rodríguez Halffter, Eva
MARC
| LEADER | 00000nam a2200000Ia 4500 | ||
|---|---|---|---|
| 001 | 9459 | ||
| 008 | 160829s1990 xx 000 0 cat d | ||
| 080 | |a H-1-182 | ||
| 100 | |a Ben-Ami, Shlomo |9 23646 | ||
| 245 | |a Los Orígenes de la Segunda República : |b anatomía de una transición / Shlomo Ben-Ami ; versión española de Eva Rodríguez Halffter | ||
| 260 | |a Madrid : |b Alianza Editorial, |c 1990 | ||
| 300 | |a 502 p. ; |c 20 cm | ||
| 490 | |a Alianza universidad. Historia ; 620 | ||
| 650 | |a Espanya |x Història |x 1931/1939, Segona República |9 32531 | ||
| 700 | |a Rodríguez Halffter, Eva |9 23648 | ||
| 901 | |a Arxiu | ||
| 942 | |n 1 | ||
| 952 | |0 0 |1 0 |4 0 |6 H1182 |7 1 |9 42792 |a Arxiu |b Arxiu |d 2016-12-01 |l 0 |o H-1-182 |p 9459 |r 2016-12-01 00:00:00 |w 2016-12-01 |y ARXIU | ||
| 999 | |c 45298 |d 45298 | ||